Mary Welskovej, Villebandon a Hambye, Francúzsko, 31. júla a 1. augusta 1944 Tajomstvá spisovateľovej duše

Bibliographic Details
Main Author: Hemingway, Ernest, 1899-1961 (Author)
Other Authors: Pištek, Zdeno (Translator)
Format: Article
Language:Slovak
Subjects:

MARC

LEADER 00000nab a2200000 a 4500
001 vtls000094367
003 SK-MaSNL
005 20260303022349.0
008 111103c1981 xo 0 slo
015 |a SNBRB19rr/mm-uuuuu 
035 |a CL0104470 
040 |a SNKBUCL  |b slo  |c SNKBUCL  |e AACR2 
041 0 |a slo 
044 |a xo  |c SK 
080 |a 820 (73)-6  |2 1981 
100 1 |a Hemingway, Ernest,  |d 1899-1961  |4 aut  |9 205167 
245 1 0 |a Mary Welskovej, Villebandon a Hambye, Francúzsko, 31. júla a 1. augusta 1944  |b Tajomstvá spisovateľovej duše  |c Ernest Hemingway ; Ernst Hemingway, Zdeno Pištek 
650 0 7 |a listy umelecké  |2 snkbucl  |9 1004231 
655 7 |a články z novín a časopisov  |2 snkbucl  |9 267496 
655 7 |a články z odboru literárna veda a krásna literatúra  |2 snkbucl  |9 770045 
700 1 |a Hemingway, Ernest,  |d 1899-1961  |4 aut  |9 205167 
700 1 |a Pištek, Zdeno  |4 trl  |9 277346 
773 0 |t Nové slovo  |g Roč. 23, č. 28 (1981), s. 19 
850 |a Slovenská národná knižnica v Martine  |a MTA001 
852 |a SNK  |b KIS3GCP 
958 |a RK 
958 |a LX 
992 |a RBX 
999 |c 1628321  |d 1630251